000 00273nam a2200109Ia 4500
100 _aEDS inc.
942 _cBK
654 _aunigraphics
245 _aunigraphics:Scenerio for motion and student guide- Dec 2002-MT15110-Unigragaphics NX
260 _bEDS
546 _aENGLISH
999 _c34025
_d34025